Phương trình toán lý
Sách đưa vào một số bài giải mẫu và bài tập có hướng dẫn
Guardat en:
| Autor principal: | |
|---|---|
| Altres autors: | |
| Idioma: | Undetermined |
| Publicat: |
Hà Nội
Giáo dục
2007
|
| Matèries: | |
| Etiquetes: |
Afegir etiqueta
Sense etiquetes, Sigues el primer a etiquetar aquest registre!
|
| Thư viện lưu trữ: | Trung tâm Học liệu Trường Đại học Trà Vinh |
|---|
| LEADER | 00691nam a2200241Ia 4500 | ||
|---|---|---|---|
| 001 | TVU_5949 | ||
| 008 | 210423s9999 xx 000 0 und d | ||
| 041 | |a Vie | ||
| 082 | |a 530.15 | ||
| 082 | |b Th305 | ||
| 100 | |a Phan, Huy Thiện | ||
| 245 | 0 | |a Phương trình toán lý | |
| 245 | 0 | |c Phan Huy Thiện | |
| 260 | |a Hà Nội | ||
| 260 | |b Giáo dục | ||
| 260 | |c 2007 | ||
| 300 | |a 339 tr. | ||
| 300 | |c 24 cm | ||
| 504 | |a Thư mục tham khảo: tr.336-338 | ||
| 520 | |a Sách đưa vào một số bài giải mẫu và bài tập có hướng dẫn | ||
| 650 | |a Phương trình; Toán lý | ||
| 700 | |a Phan Huy Thiện | ||
| 980 | |a Trung tâm Học liệu Trường Đại học Trà Vinh | ||